100 Dog Breeds Picture Quiz - Statistics

General Stats
  • This quiz has been taken 233 times
  • The average score is 42 of 100
Answer Stats
Picture Answer % Correct
Golden Retriever
91%
Welsh Pembroke Corgi
89%
Chow Chow
87%
Poodle
82%
Pug
81%
Dalmatian
79%
German Shepherd
79%
Beagle
76%
Yorkshire Terrier
76%
Pomeranian
73%
Siberian Husky
72%
Bloodhound
69%
Boxer
69%
Cavalier King Charles Spaniel
69%
Schnauzer
69%
Basset Hound
68%
French Bulldog
67%
Greyhound
66%
Rottweiler
66%
Bernese Mountain
64%
Saint Bernard
64%
Alaskan Malamute
63%
Rough Collie
63%
Chihuahua
62%
Akita
60%
Australian Cattle
60%
Labrador Retriever
60%
Scottish Terrier
60%
Border Collie
59%
Whippet
57%
Doberman Pinscher
56%
Jack Russell
55%
West Highland White Terrier
55%
Maltese
54%
Newfoundland
53%
Shih Tzu
53%
Afghan Hound
51%
Samoyed
51%
Bichon Frise
50%
Papillon
50%
Irish Wolfhound
47%
Vizsla
47%
Borzoi
46%
Boston Terrier
46%
Chinese Crested
46%
Weimaraner
46%
Great Dane
45%
Old English Sheepdog
44%
Cane Corso
43%
Airedale Terrier
42%
Bullmastiff
42%
Bedlington Terrier
40%
Rhodesian Ridgeback
38%
Saluki
38%
Brittany
37%
German Short Haired Pointer
36%
Havanese
34%
Border Terrier
33%
Clumber Spaniel
33%
English Springer Spaniel
33%
Labradoodle
33%
Lhasa Apso
33%
Shetland Sheepdog
32%
Leonberger
31%
Komondor
28%
Norfolk Terrier
28%
Cairn Terrier
27%
English Setter
27%
Flat Coated Retriever
27%
Bearded Collie
26%
Otterhound
25%
Schipperke
25%
Tibetan Mastiff
25%
Staffordshire Bull Terrier
24%
Dandie Dinmont Terrier
23%
Gordon Setter
22%
Daschund
21%
Irish Terrier
20%
Anatolian Shepherd
19%
American Cocker Spaniel
18%
Welsh Terrier
18%
English Bull Terrier
17%
Manchester Terrier
17%
Cockapoo
16%
Parson Russell Terrier
16%
Sussex Spaniel
15%
Tibetan Terrier
15%
Welsh Springer Spaniel
15%
Red Setter
14%
Wire Fox Terrier
14%
Irish Water Spaniel
12%
Lakeland Terrier
12%
English Foxhound
11%
Spinone Italiano
11%
British Bulldog
9%
Nova Scotia Retriever
9%
English Pointer
7%
Lurcher
5%
Olde English Bulldogge
5%
English Show Cocker Spaniel
3%
No matching quizzes found
Score Distribution
Percent of People with Each Score
Percentile by Number Answered
Your Score History
You have not taken this quiz